| 000 | 00711cab a2200193 4500 | ||
|---|---|---|---|
| 001 | WB2722-30 | ||
| 008 | 090401t1991 xxu||||| |||| 00| 0 eng d | ||
| 035 | _a(Sirsi) u1949 | ||
| 041 | _aeng | ||
| 245 | _aBES limited aid to private letting | ||
| 260 | _c1991 | ||
| 350 | _a0 | ||
| 490 |
_aFinancial Times _v3 June 1991, 10(1) |
||
| 520 | _aExtending the Business Expansion Scheme to cover companies letting residential property has succeeded in stimulating the private rental market through tax relief according to a survey by the Joseph Rowntree Foundation "Business Expansion Scheme and rented housing ". | ||
| 650 | _aPRIVATE SECTOR | ||
| 690 | _aHOUSING-FINANCE | ||
| 942 | _n0 | ||
| 948 | _c04/03/1997 | ||
| 999 |
_c1147 _d1147 |
||